Statistiken für Länder mit den meisten Inseln

Klicken Sie hier um das Quiz zu spielen!

Allgemein

  • Dieses Quiz wurde 205 mal gespielt
  • Das Durchschnittsergebnis liegt bei 13 aus 20

Antwortstatistiken

Anzahl InselnAntwort% Korrekt
18.307Indonesien
92%
52.455Kanada
92%
239.057Norwegen
89%
221.831Schweden
89%
6.852Japan
88%
40.000Finnland
86%
5.000China
82%
7.641Philippinen
82%
8.222Australien
80%
1.419Dänemark
75%
3.054Griechenland
72%
5.000Chile
62%
1.430Thailand
62%
4.000Vietnam
50%
1.400Papua-Neuguinea
48%
4.400Südkorea
41%
3.579Nordkorea
27%
1.520Estland
23%
4.195Kuba
16%
18.617Vereinigten Staaten
2%

Verteilung der Resultate

Perzentil nach korrekt beantworteten Fragen

Anzahl Personen mit jedem Resultat

Ihre Resultats-Entwicklung

Sie haben dieses Quiz noch nicht gespielt